000 00519nam a2200181Ia 4500
005 20250326125637.0
008 250326s9999 xx 000 0 und d
037 _aTextbook
040 _aFMSL
_beng
_cFMSL
041 _aeng
_2eng
084 _aP111k K5
_qFMSL
100 _aLeslie L A
_991912
245 0 _a20,000 worlds for stenographers, studies, authors & proofreaders
_cLeslie L A
260 _aNY
_bNY, McGraw-Hill
_c1965
300 _a250p
942 _cTB
_hP111k K5
999 _c1278927
_d1278927